| 000 | 00498nam a22001697a 4500 | ||
|---|---|---|---|
| 003 | OSt | ||
| 005 | 20260505024608.0 | ||
| 008 | 260505b |||||||| |||| 00| 0 eng d | ||
| 020 | _a9781455523542 | ||
| 040 |
_aDWCL Main Lib. _cOC |
||
| 082 | _aF S736s 2010 | ||
| 100 |
_aSparks, Nicholas _eAuthor |
||
| 245 |
_aSafe haven / _cNicholas Sparks |
||
| 260 |
_aNew York : _bGrand Central Publishing, a division of Hachette Book Group, _cc2010. |
||
| 300 |
_a405 pages ; _c17cm. |
||
| 942 |
_2ddc _cFIC. _n0 |
||
| 999 |
_c10243 _d10243 |
||